[Event "Saint Louis Invitational A 2017"]
[Site "Saint Louis"]
[Date "2017.11.18"]
[Round "1"]
[White "Chirila, Ioan-Cristian"]
[Black "Ashwin, Jayaram"]
[Result "0-1"]
[WhiteElo "2557"]
[BlackElo "2474"]
[Annotator "TA"]
[PlyCount "170"]
[EventDate "2017.??.??"]
[EventType "tourn"]
[EventCountry "USA"]

{[%evp 28,170,0,0,0,0,0,0,15,0,9,5,12,18,10,19,9,10,95,119,172,151,496,494,486,472,681,629,950,0,0,-18,-28,-44,0,-117,-117,-117,-117,-117,-113,-106,-102,-99,-58,-60,-87,-100,-24,-17,-15,-145,-120,-120,-163,-134,-142,-166,-162,-168,-146,-159,-171,-168,-158,-134,-132,-168,0,-251,0,0,0,0,0,-146,-147,-143,-133,-158,-182,-209,-201,-189,-200,-232,-222,-12843,-12843,-12845,-12843,-12843,-12844,-12845,0,-12843,0,-12845,-175,-175,-175,-175,-175,-178,-124,-124,-124,-124,0,-184,-139,-130,-139,-135,-125,-131,-139,-133,-117,-435,-318,-12831,-12830,-12821,-12831,-10810,-1795,-12845,-12845,-12845,-12843,-12845,-12845,-12845,-12846,-12846,-12847,-12850,-12850,-29982,-29983,-29983,-29984,-29984,-29985]} 1. b3 d6 2. Bb2 Nd7 3. g3 Ngf6 4. Bg2 g6 5. e4 Bg7 6. Ne2 O-O 7. O-O e5 8. c4 Nc5 9. Qc2 c6 10. Nbc3 Re8 11. d4 exd4 12. Nxd4 Qb6 13. Rad1 a5 14. h3 {E68: King's Indian: Fianchetto: 6...Nbd7 7 0-0 e5 8 e4} a4 15. Kh2 {LiveBook: 4 Games} axb3 16. axb3 {The position is equal.} Nfd7 17. f4 {[#]} Nf8 $146 ({Predecessor:} 17... h5 18. Rfe1 Nf6 19. f5 Nfd7 20. fxg6 fxg6 {½-½ (31) Porreca,G-Gligoric,S (2575) Helsinki 1952}) 18. f5 Nfd7 19. Ndb5 cxb5 20. Nd5 $36 {[%mdl 2048] White is pushing.} Qd8 $1 21. Bxg7 Kxg7 22. b4 {[#]} Na4 (22... Nxe4 $1 $11 23. Bxe4 bxc4) 23. cxb5 $16 (23. fxg6 hxg6 24. cxb5 Re5 $17) 23... Nab6 (23... Ne5 $16) 24. Nc7 $1 $18 Ra4 $2 (24... d5 $16) 25. Rxd6 Re5 26. Qc3 Qf8 {[#]} (26... Ra2 $142 27. Qxe5+ Nxe5 28. Rxd8 Nbc4) 27. Rxb6 $1 {[%mdl 512]} Qxb4 {[#]} (27... Nxb6 28. Ne6+) 28. f6+ $2 ({Only move:} 28. Ne6+ $1 $18 {[%mdl 512]} fxe6 29. Qxc8 Nxb6 30. Qc7+ Nd7 31. Qxd7+ Kh6 32. fxg6 hxg6 33. Qe8 Rxe4 34. Rf6) 28... Kh6 $1 $11 29. Qxb4 Rxb4 30. Rd6 Rc5 31. Ne6 (31. Nd5 $11 Rb2 32. Ne7) 31... fxe6 $17 32. Rxd7 Bxd7 33. f7 Rc8 34. f8=Q+ Rxf8 35. Rxf8 Rxb5 {[%mdl 4096] Endgame KRB-KRB} 36. Rf7 Bc6 37. h4 Re5 (37... e5 $17 38. g4 g5 39. hxg5+ Kg6) 38. g4 $1 $11 {[%cal Rg4g5]} g5 $1 {[%cal Bg6g5,Bg5h4,Bh4h3,Bh3h2][%mdl 32]} (38... Bxe4 $2 39. g5+ Kh5 40. Kg3 $18) 39. Kg3 (39. hxg5+ $11 {keeps the balance.} Kg6 40. Re7) 39... Kg6 $17 (39... Bxe4 40. Bxe4 Rxe4 41. hxg5+ Kxg5 42. Rg7+ Kf6 43. Rxb7 $15) 40. Re7 gxh4+ ({Of course not} 40... Bxe4 $6 41. Bxe4+ Rxe4 42. h5+ Kh6 43. Rxb7 $11) 41. Kf4 {[#]} h3 $1 {[%cal Rh3g2]} 42. Bh1 (42. Bxh3 Rxe4+) 42... Rc5 $1 {aiming for ...e5+!} 43. Rxe6+ Kg7 {And now ...Rc1 would win.} 44. g5 Rc1 45. Bf3 h2 46. Rh6 Rc2 47. Ke3 b5 $2 (47... Bd7 $19 48. Bh1 b5) 48. Be2 $2 {[%mdl 8192]} (48. Kd3 $11 Rf2 49. Ke3) 48... Bxe4 $2 (48... b4 $1 $19 49. Bd3 Rg2) 49. Rxh2 $11 Bg6 (49... Bd5 {is interesting.} 50. Rxh7+ Kxh7 51. Bd3+ Kg7 52. Bxc2) 50. Rh4 Rc5 51. Rb4 (51. Rd4 $1 $11) 51... Re5+ $17 ({Don't play} 51... Rxg5 52. Bxb5 Kf6 53. Kf4 $15) 52. Kf2 Be8 ({Much worse is} 52... Rxg5 $6 53. Rxb5 Rxb5 54. Bxb5 $11) 53. Bd3 Rxg5 54. Kf3 h5 55. Rd4 Kf6 56. Rf4+ Ke7 57. Rd4 $2 (57. Re4+ Kf7 58. Ke3) 57... Bc6+ $19 58. Ke3 Rg3+ 59. Kf2 Rg2+ 60. Ke3 Rg3+ 61. Kf2 $1 {[%cal Rf2g3]} Rg5 62. Ke3 $1 Ke6 $2 (62... Rg4 {White must now prevent ...Rxd4.} 63. Rxg4 hxg4) 63. Be2 Re5+ 64. Kf2 Rf5+ 65. Kg3 Ke5 (65... Rd5 $1 $19 {[%cal Rd5d4]} 66. Rh4 Be8) 66. Rd8 $17 Rg5+ $1 67. Kh4 Rg2 {[#]} ({Black should play} 67... Rg1 $1 $17 {Threatens to win with ...Rh1+.} 68. Kxh5 b4) 68. Bxh5 $2 (68. Bxb5 $1 $11 {[%mdl 512]} Bxb5 69. Kxh5) 68... Be4 69. Bg4 b4 {[%cal Bb5b4,Bb4b3,Bb3b2][%mdl 32] Hoping for ...b3.} 70. Rb8 Kf4 71. Rf8+ {[#]} Ke3 $1 72. Rb8 Rb2 73. Kg5 $2 {[%mdl 8192]} (73. Re8 $17 {was the crucial defense.}) 73... b3 $19 74. Be6 $2 (74. Rb5) 74... Rg2+ 75. Kf6 b2 76. Ba2 Bd3 77. Ke5 Rg5+ 78. Kf6 Rf5+ 79. Ke7 Rb5 80. Ra8 Kd2 81. Kd7 Rb6 82. Kc7 Ra6 83. Rxa6 Bxa6 {Black mates.} 84. Kb6 {[#]} Bc4 $1 {[%mdl 512]} 85. Bb1 (85. Bxc4 b1=Q+) 85... Kc1 {Precision: White = 51%, Black = 58%.} 0-1

[Event "Saint Louis Invitational A 2017"]
[Site "Saint Louis"]
[Date "2017.11.18"]
[Round "1"]
[White "Burke, John M"]
[Black "Sturt, Raven"]
[Result "1-0"]
[WhiteElo "2502"]
[BlackElo "2449"]
[Annotator "TA"]
[PlyCount "91"]
[EventDate "2017.??.??"]
[EventType "tourn"]
[EventCountry "USA"]

{[%evp 26,91,42,58,45,47,44,44,44,50,49,38,38,38,45,48,34,52,57,35,62,62,60,60,88,79,85,80,80,80,83,62,72,86,73,53,78,0,0,0,0,0,0,0,0,0,0,0,0,0,0,0,0,0,0,0,22,14,42,54,45,44,53,34,29988,29989,29989,29990]} 1. e4 e5 2. Nf3 Nc6 3. Bb5 a6 4. Ba4 Nf6 5. O-O Be7 6. Re1 b5 7. Bb3 d6 8. c3 O-O 9. h3 Nb8 10. d4 Nbd7 11. Nbd2 Bb7 12. a4 c5 13. Bc2 Re8 14. d5 c4 {C95: Closed Ruy Lopez: Breyer Variation with 10 d4} 15. b3 cxb3 16. Nxb3 {[#]} Nb6 $146 {White is slightly better.} ({Predecessor:} 16... Qc7 17. Be3 Nb6 18. Nbd2 Nfd7 19. axb5 {½-½ (19) Areshchenko,A (2678)-Efimenko,Z (2651) Rivne 2016}) 17. Na5 Qc7 {[%cal Rb6d5] With the idea ...Nbxd5.} 18. Nxb7 Qxb7 19. axb5 axb5 20. Rb1 Rec8 21. Rxb5 Rxc3 22. Re3 (22. Bd2 {feels hotter.} Rca3 23. Qb1 Nfd7 24. Bd3 Qc7 25. Rb4) 22... Rac8 23. Rxc3 Rxc3 24. Bd2 Ra3 25. Qc1 Ra8 26. Bd3 Rc8 27. Qb1 Nfd7 {[%cal Bf6d7,Bd7c5,Bc5d3][%mdl 32]} 28. Ba5 Bd8 29. Nd2 Qa7 30. Qb4 Nc5 {[#] aiming for ...Nxd5.} 31. Bxb6 (31. Bb1 $1 $16 Ncd7 32. Nb3 (32. Qxd6 Rc1+ 33. Kh2 Nc8 $16)) 31... Bxb6 $11 32. Rxb6 Nxd3 33. Qxd6 h6 {...Kh7 is the strong threat.} 34. Kh2 Qa2 35. Rb8 Rxb8 $1 36. Qxb8+ Kh7 37. Nf3 Qxf2 {Strongly threatening ...Nf4.} 38. Qc8 Nf4 {[%csl Gf4][%cal Rf2g2]} 39. Qg4 f6 40. Nh4 Qa7 41. d6 {[%cal Bd5d6,Bd6d7][%mdl 32] Black must now prevent Qf5+.} Qb7 42. d7 Qc7 43. Qd1 Ne6 44. Qd5 Qc1 $2 {[%mdl 8192] [#]} (44... Nd8 $14) 45. Qxe6 Qf4+ 46. g3 {Precision: White = 68%, Black = 58%.} 1-0

[Event "Saint Louis Invitational A 2017"]
[Site "Saint Louis"]
[Date "2017.11.18"]
[Round "1"]
[White "Zierk, Steven"]
[Black "Sadorra, Julio Catalino"]
[Result "1-0"]
[WhiteElo "2493"]
[BlackElo "2554"]
[Annotator "TA"]
[PlyCount "79"]
[EventDate "2017.??.??"]
[EventType "tourn"]
[EventCountry "USA"]
[SourceTitle "playchess.com"]
[Source "ChessBase"]
[SourceQuality "1"]

{[%evp 14,79,18,0,15,14,39,38,37,33,27,3,54,47,67,58,62,63,53,45,44,-6,-6,-11,-20,-8,-14,-19,-19,-35,-15,-11,-33,-77,-67,-69,-55,-58,-48,-118,-113,-204,-212,-202,-230,-241,-274,-445,-306,-295,-294,-239,0,0,518,462,2343,2239,2189,2067,29960,29959,29962,12840,29987,29988,29988,29989]} 1. e4 c5 2. Nf3 e6 3. d4 cxd4 4. Nxd4 a6 5. Nc3 Qc7 6. g3 {[%cal Bg2g3,Bg3g4,Bg4g5][%mdl 32]} Nf6 {[%cal Bg8f6,Bf6g4,Bg4e5][%mdl 32]} 7. Bg2 Bb4 8. Bd2 {LiveBook: 206 Games} d6 {B43: Sicilian: Kan Variation: 5 Nc3} 9. g4 $146 ({Predecessor:} 9. O-O O-O 10. Nb3 e5 11. a3 Bxc3 12. Bxc3 b6 13. Qd2 Rd8 14. Rad1 Nc6 15. Rfe1 h6 16. h3 {0-1 (40) Taysayev,T (2245)-Savchenko,B (2634) Sochi 2017}) 9... h6 10. h4 h5 {White is slightly better.} 11. g5 Ng4 $1 12. Nb3 Nc6 ({Black should play} 12... Bc5 $11 13. Rf1 (13. Nxc5 Qxc5 14. Qe2 Nc6 $11) 13... Nc6) 13. Qe2 $14 Na5 14. a3 Nxb3 15. cxb3 Bc5 16. f3 $1 {[%cal Rf3g4]} Ne5 $1 17. Rc1 Qb6 18. b4 Bd4 19. f4 Ng4 20. Bf3 Bd7 21. Bxg4 hxg4 22. Qxg4 a5 $36 {[%mdl 2048] Black has good play.} 23. g6 axb4 24. gxf7+ Kxf7 25. axb4 Qxb4 {Threatens to win with ...Rhc8.} 26. Rh3 (26. Nd1 $1 $15 Qb6 27. Rh3) 26... Qxb2 $17 {aiming for ...Ra1.} 27. Rd3 {[#]} (27. Nd1 $17 Qb6 28. Rg3) 27... Ra1 $1 $19 {[%cal Ra1c1]} 28. Rxa1 Qxa1+ 29. Ke2 Qa6 30. Qg3 $2 (30. h5 {only move.}) 30... Qc4 31. f5 Be5 32. Bf4 Bb5 $2 {[#]} ({But not} 32... exf5 33. Bxe5 dxe5 34. Kd2) (32... Bxc3 $19 33. Qg6+ Ke7 34. fxe6 Bxe6 35. Bxd6+ Kd7 36. Bb4+ Kc8 37. Bxc3 Rd8) 33. fxe6+ $1 $11 Ke7 $2 {[%mdl 8192]} (33... Kxe6 $11 {and Black stays safe.} 34. Nxb5 Qxb5) 34. Qg5+ $18 Kxe6 (34... Ke8 $142 35. Qg6+ Kd8 36. Nxb5 Qxb5) 35. Qf5+ Ke7 36. Bg5+ Bf6 37. Bxf6+ gxf6 38. Nd5+ Kd8 39. Qxf6+ Kd7 40. Nb6+ {Precision: White = 61%, Black = 44%.} 1-0

[Event "Saint Louis Invitational A 2017"]
[Site "Saint Louis"]
[Date "2017.11.18"]
[Round "1"]
[White "Gurevich, Daniel"]
[Black "Hambleton, Aman"]
[Result "1/2-1/2"]
[WhiteElo "2471"]
[BlackElo "2484"]
[Annotator "TA"]
[PlyCount "91"]
[EventDate "2017.??.??"]
[EventType "tourn"]
[EventCountry "USA"]
[SourceTitle "playchess.com"]
[Source "ChessBase"]
[SourceQuality "1"]

{[%evp 18,91,13,0,0,0,0,0,0,0,34,34,31,23,43,27,30,39,57,31,36,10,20,20,29,-20,10,18,25,11,114,100,114,124,113,54,125,41,56,41,36,20,34,40,33,54,249,-177,-168,-449,-482,-576,-592,-547,-5,-5,723,723,825,730,1037,0,0,0,0,0,0,0,0,0,0,0,0,0,0,0]} 1. d4 Nf6 2. Nf3 e6 3. c4 d5 4. Nc3 Bb4 5. cxd5 exd5 6. Bg5 h6 7. Bh4 O-O {D38: Queen's Gambit Declined: Ragozin Defence (4 Nf3 Bb4)} 8. e3 Bf5 9. Bd3 (9. Qb3 Bxc3+ 10. bxc3 Nbd7 11. Be2 c5 12. dxc5 g5 13. Bg3 Nxc5 14. Qb4 Nfe4 15. O-O {½-½ (35) Aronian,L (2801)-Wojtaszek,R (2737) Heraklio 2017}) 9... Bxd3 10. Qxd3 {LiveBook: 5 Games} c6 11. a3 $146 ({Predecessor:} 11. O-O Nbd7 12. a3 Bd6 13. b4 Qe7 14. Rfe1 Qe6 15. Nd2 Qg4 16. Bg3 Bxg3 17. hxg3 Rfe8 18. Nf1 h5 19. Rac1 a5 {0-1 (48) Batsiashvili,N (2489)-Ju,W (2580) Khanty-Mansiysk 2016}) 11... Be7 12. Bxf6 Bxf6 13. h4 {[%cal Bh2h4,Bh4h5][%mdl 32]} g6 14. h5 g5 15. Ne2 {[%cal Bc3e2,Be2g3,Bg3f5][%mdl 32]} Nd7 16. Ng3 Bg7 17. Nf5 a5 18. Nd2 Re8 19. f3 c5 {Hoping for ...cxd4.} 20. O-O Qb6 21. f4 g4 22. dxc5 Nxc5 23. Qe2 $1 {[%cal Re2g4]} (23. Qxd5 $2 Rad8 $19) 23... Qxb2 (23... Bxb2 $11 {keeps the balance.} 24. Ra2 (24. Qxg4+ Kh7 $11) 24... Kh7) 24. Qxg4 $16 Kh8 25. Rab1 Qf6 26. Rb5 (26. Nf3 $16) 26... Bf8 (26... Rg8 $1 $14) 27. Rf3 (27. Nf3 $16) 27... Ne4 $14 28. Nxe4 (28. Rxd5 Nxd2 29. Rxd2 Bxa3 $11) 28... dxe4 29. Rg3 {[%csl Gg3][%cal Rg4g8]} Bxa3 30. Rb6 $40 {[%mdl 128] Black needs to defend precisely.} ({Don't play} 30. Rxb7 Rg8 $17) 30... Re6 31. Rxb7 {Threatens to win with Nd4.} a4 $2 (31... Ree8 $14) 32. Ra7 $4 {[%mdl 8192]} (32. Nd4 $1 $18 {[%cal Rd4e6] was the only winning move.} Rd6 33. Rb5) 32... Ree8 $19 33. Rc7 $2 (33. Rb7) 33... Bb2 $1 {And now ...a3 would win.} 34. Nd6 Qxd6 35. Rxf7 {White wants to mate with Qf5.} Rg8 $2 {[#]} ({Better is} 35... Re7 $19 36. Rxe7 Qxe7) 36. Qf5 $1 $11 {[%csl Gf5][%cal Rf7h7][%mdl 512]} Bg7 $2 {[%mdl 8192] [#]} (36... Rg7 $11 37. Rg6 Rxf7 38. Qxf7 Qd1+ 39. Kf2 Qd2+ 40. Kg3 Qe1+ 41. Kh2 Qh4+ 42. Kg1 Qe1+ 43. Kh2 Qh4+ 44. Kg1 Qe1+ 45. Kh2) 37. Rg6 $1 $18 {[%cal Rg6d6]} ({Avoid the trap} 37. Rd7 $2 Raf8 $19) 37... Qxg6 38. hxg6 ({Not} 38. Qxg6 a3 $14) 38... a3 {[#]} 39. Qh5 $2 (39. Qf6 $3 $18 {[%mdl 512]}) 39... Rge8 $11 {The position is equal.} 40. Rxg7 Kxg7 {[%mdl 4096] Endgame KQ-KRR} 41. Qd5 {Intending Qf7+ and mate.} Kxg6 42. Qd6+ Kf7 43. Qd7+ Kf6 44. Qd4+ Kf7 45. Qd7+ Kf6 46. Qd4+ {Precision: White = 54%, Black = 44%.} 1/2-1/2

[Event "Saint Louis Invitational A 2017"]
[Site "Saint Louis"]
[Date "2017.11.18"]
[Round "1"]
[White "Shetty, Atulya"]
[Black "Bartholomew, John"]
[Result "0-1"]
[WhiteElo "2403"]
[BlackElo "2442"]
[Annotator "TA"]
[PlyCount "172"]
[EventDate "2017.??.??"]
[EventType "tourn"]
[EventCountry "USA"]
[SourceTitle "playchess.com"]
[Source "ChessBase"]
[SourceQuality "1"]

{[%evp 16,172,7,11,12,19,2,0,0,0,1,12,0,8,16,-8,-9,-13,-6,0,0,-4,-2,-15,-17,-39,-39,-36,-31,-42,-36,-47,-36,-40,-17,-15,-15,-20,-12,-25,-22,-35,-13,-39,-21,-22,0,-22,0,-35,-28,-29,0,0,0,0,0,-8,0,-5,0,-26,-13,-12,-21,-27,-16,-47,-34,-92,-93,-86,-45,-59,-66,-47,-51,-81,-81,-104,-101,-104,-94,-102,-110,-102,-96,-188,-85,-64,0,-174,-2,-68,-67,-64,-16,-34,-29,-160,-150,-257,-196,-273,-266,-253,-249,-289,-300,-297,-283,-346,-295,-287,-239,-352,-220,-677,-662,-675,-660,-664,-647,-661,-389,-538,-382,-364,-320,-300,-274,-377,-380,-650,-634,-684,-650,-569,-564,-606,-604,-881,-878,-802,-770,-838,-838,-741,-741,-1789,-1727,-823,-1202,-804,-725,-725,-692,-674,-671]} 1. Nf3 c5 2. c4 Nc6 3. g3 g6 4. Bg2 Bg7 5. Nc3 e6 6. d4 cxd4 7. Nb5 d5 8. cxd5 Qa5+ 9. Nd2 exd5 {A37: Symmetrical English vs ...g6: 4 Bg2 Bg7 5 Nf3} (9... Qxb5 10. dxc6 Ne7 11. a4 Qb4 12. b3 Nxc6 13. Ba3 Qa5 14. O-O Bf8 15. Nc4 Qd8 16. b4 Nxb4 17. a5 {½-½ (40) Fressinet,L (2709)-Fedoseev,V (2641) Yerevan 2014}) 10. Nd6+ Kf8 11. Nxc8 $146 ({Predecessor:} 11. O-O Nge7 12. b4 Nxb4 13. Qb3 Nbc6 14. Ba3 d3 15. Qxd3 Bxa1 16. Rxa1 Kg7 17. e4 {½-½ (30) Sulava,N (2380)-Lazarev,V (2500) Asti 1998}) 11... Rxc8 {The position is equal.} 12. O-O Nf6 13. Nb3 Qb6 14. e3 {[%cal Re3d4]} Bh6 {[%cal Rd4e3]} 15. Nxd4 (15. Bh3 {is interesting.} Re8 16. Nxd4 Nxd4 17. Qxd4 Qxd4 18. exd4 Bxc1 19. Rfxc1 Re2 20. b4) 15... Nxd4 16. Qxd4 Qxd4 17. exd4 Bxc1 18. Raxc1 Ke7 19. Bh3 Rc6 20. f3 Kd6 21. Kf2 h5 22. Rfe1 h4 23. Bf1 hxg3+ 24. hxg3 Rh2+ 25. Bg2 Rc4 26. Red1 Rh8 27. Bf1 Rb4 28. Rc2 Nd7 29. Rd3 Rh2+ 30. Bg2 Rc4 31. Rdd2 a5 32. Kg1 Rh8 33. Bf1 Rb4 34. Rc3 Nb8 35. a3 Rb6 $1 36. Bg2 Nc6 37. f4 Ne7 38. Kf2 Rc8 39. Rxc8 Nxc8 $11 {[%mdl 4096] Endgame KRB-KRN} 40. Bf3 Rc6 41. Bd1 Nb6 42. b3 (42. a4 $1 $15) 42... Rc3 $17 43. Re2 {[#]} a4 $1 {[%mdl 512]} 44. bxa4 Rxa3 45. Rb2 Kc6 46. Rb4 Nc4 47. Bb3 Nd2 48. Bc2 Rc3 49. Rb2 Nc4 50. Ra2 b6 51. Bb1 (51. f5 $17 {might work better.}) 51... Rb3 (51... Na3 $19 {is more deadly.} 52. Rb2 Rc4) 52. Bc2 Rc3 (52... Re3 $15) 53. Bb1 $1 $19 Rc1 $2 ({Black should try} 53... Na3 $19 54. Rb2 Rc4) 54. Bc2 (54. Bd3 $11) 54... Rh1 $15 55. Kg2 Re1 56. Kf2 Re3 {[#]} 57. g4 {[#]} (57. a5 $1 $11 {[%mdl 512] remains equal.}) 57... Rh3 $1 $17 58. Kg2 (58. g5 $17) 58... Rc3 $19 59. Kf2 (59. Bb1 $142) 59... Ne3 60. Bb1 Nxg4+ 61. Kg2 Ne3+ 62. Kf2 Nc4 63. Re2 Ra3 64. Bc2 Kd6 65. f5 (65. Re1 $142) 65... gxf5 66. Ke1 $2 (66. Bxf5 Rxa4 67. Re8) 66... Ne3 67. Bb1 f4 68. Rb2 Nc4 69. Rb4 Rh3 70. Kf2 Rh1 71. Bd3 Rc1 72. Be2 Kc6 73. Bh5 Nd6 74. Be2 $2 (74. Rb3) 74... Rc3 {Black is clearly winning.} 75. Rb2 Ne4+ 76. Kg2 Rg3+ 77. Kf1 f3 78. Bb5+ Kc7 79. Rc2+ Kd8 80. Rc6 f2 {( -> ...Rg1+)} 81. Ke2 Rg1 82. Ke3 f1=Q 83. Bxf1 Rxf1 84. Rxb6 Kd7 85. a5 Nd6 86. Ra6 Ra1 {Precision: White = 41%, Black = 70%.} 0-1

[Event "Saint Louis Invitational A 2017"]
[Site "Saint Louis"]
[Date "2017.11.18"]
[Round "2"]
[White "Chirila, Ioan-Cristian"]
[Black "Shetty, Atulya"]
[Result "1-0"]
[WhiteElo "2557"]
[BlackElo "2403"]
[Annotator "TA"]
[PlyCount "117"]
[EventDate "2017.??.??"]
[EventType "tourn"]
[EventCountry "USA"]
[SourceTitle "playchess.com"]
[Source "ChessBase"]
[SourceQuality "1"]

{[%evp 21,117,-9,7,-4,0,-1,0,0,0,0,0,0,0,0,0,0,0,-16,0,0,0,-49,37,37,53,52,55,0,0,-54,-53,-94,0,0,0,0,0,0,0,0,0,0,0,0,0,0,0,0,0,0,0,0,0,0,443,93,93,93,93,93,93,93,93,93,93,93,93,92,368,351,29947,2656,29951,29956,29950,29958,29969,29970,29968,29971,29971,29972,29972,29973,29973,29974,29974,29975,29975,29976,29976,29977,29979,29978,29978,29979,29979,29980]} 1. b3 d5 2. Bb2 Nf6 3. Nf3 c5 4. g3 Nc6 5. Bg2 e6 6. O-O Be7 7. e3 O-O 8. c4 b6 9. Nc3 Ba6 10. d3 Rc8 11. Qe2 {A14: Reti-Eröffnung} Qd7 {LiveBook: 20 Partien} 12. h3 Rfd8 13. Rad1 {[#] Die Stellung ist ausgeglichen.} d4 $146 ({Vorgänger:} 13... Qe8 14. Rfe1 h6 15. a3 Bb7 16. Qc2 Rd7 17. Ne2 Nh7 18. h4 Bf6 19. cxd5 Rxd5 {½-½ (48) Eljanov,P (2739)-Harikrishna,P (2752) Baku 2016}) 14. exd4 Nxd4 15. Nxd4 cxd4 16. Ne4 Nxe4 17. Bxe4 b5 18. Bc1 Bb7 19. Bf4 a5 20. Rfe1 Bb4 21. Qf3 Bc6 ({Lieber} 21... Ba6 $15 22. Qh5 f5) 22. Bxc6 $14 Qxc6 23. Qxc6 Rxc6 24. cxb5 (24. Re5 $14) 24... Rc5 $1 $11 25. b6 (25. Re2 $11) 25... Bxe1 $15 26. Rxe1 {[%mdl 4096] Endspiel Schwarz muss nun Te5 beachten. KTT-KTL} Rd7 (26... Rb5 $17) 27. Re5 $11 Rxe5 28. Bxe5 {KT-KL} Rb7 $1 {[%cal Rb7b6]} 29. Bc7 Kf8 30. Kg2 f5 31. f4 Ke7 32. Kf3 Kd7 33. Ke2 Rxc7 (33... Kc6 {is more complex.} 34. Kd2 Kc5 35. Kc2 Kb5 36. Kb2 Kc5) 34. bxc7 Kxc7 {KB-KB} 35. g4 Kd6 36. gxf5 exf5 37. h4 g6 $2 {[%mdl 8192] [#]} (37... Kc5 $11 {und Schwarz muss sich keine Sorgen machen.} 38. a3 h5) 38. a3 $2 (38. h5 $1 $18 {[%mdl 512] und der Rest ist Schweigen.}) 38... h5 $16 39. Kd2 Kc5 40. Kc2 Kb5 41. Kb1 Kc5 42. Kb2 Kb5 43. Ka2 Kc5 44. a4 $1 {[%cal Ba3a4,Ba4a5,Ba5a6][%mdl 32]} Kd6 $2 {[%mdl 8192] [#]} (44... Kb4 $16 {war nötig.} 45. Kb2 Kc5) 45. b4 $1 $18 {[%cal Rb4a5][%mdl 512]} axb4 $2 {[#]} (45... g5 $18 46. fxg5 f4) 46. a5 $1 Kc6 47. Kb3 {Weiß setzt Matt.} Kb5 {[#]} 48. a6 $1 {[%mdl 512]} Kxa6 49. Kxb4 g5 50. hxg5 {K3B-K3B} h4 51. g6 h3 52. g7 h2 53. g8=Q h1=Q {[#]} 54. Kc5 $1 Ka7 55. Qf7+ Kb8 56. Qe8+ Kc7 57. Qe7+ Kc8 58. Qe6+ Kb8 59. Qb6+ {Precision: Weiß = 81%, Schwarz = 46%.} 1-0